000 01143 a2200277 4500
003 Nust
005 20221018112349.0
010 _a 83013340
020 _a008024212X (pbk.) :
020 _a0080242138 :
040 _cNust
082 0 0 _a620,RAZ
100 1 _a Razevig D.V
_9100580
245 1 0 _aHigh-voltage engineering /
_cProf D.V.Razevig
260 _a Delhi
_b Khanna Pub
_c1985
300 _avii, 726p. :
_bill. ;
_c22 cm.
440 0 _aApplied electricity and electronics
_9100581
440 0 _aPergamon international library of science, technology, engineering, and social studies.
_97281
505 _aInsulation in Electrical Power Systems (Page-5), Line and sub Station Insulation (Page-151), Insulation of Transformers, Generators, Cables and Condensers (Page-231), Preventive Testing of Insulation (Page-315), Lighting over Voltages (Page-369), Internal over Voltages (Page-573).
650 0 _aBreakdown (Electricity)
_9100582
650 0 _aElectric insulators and insulation.
_9100583
650 0 _aElectrical engineering.
650 0 _aHigh voltages.
_9100584
700 1 _aZaengl, W. S.
_9100585
942 _2ddc
_cBK
999 _c182241
_d182241